| 000 | 00736cam a2200229 a 4500 | ||
|---|---|---|---|
| 001 | 000007514 | ||
| 005 | 20200929154209.0 | ||
| 008 | 890214s1988 cu 000 e spa d | ||
| 035 | _a(DLC) 89113863 | ||
| 040 |
_aDO-SdBNP _cDLC _dBNPHU |
||
| 082 |
_aCu864.4 _bL686c |
||
| 100 | 1 |
_aLezama Lima, José, _d1910-1976. _920860 |
|
| 245 | 1 | 0 |
_aConfluencias : _bselección de ensayos / _cJosé Lezama Lima ; prólogo de Abel E. Prieto. |
| 260 |
_aLa Habana, Cuba : _bLetras Cubanas, _c1988. |
||
| 300 |
_axli, 429 p. ; _c23 cm. |
||
| 650 | 4 |
_aEnsayos cubanos _95691 |
|
| 650 | 4 |
_aLiteratura cubana _91483 |
|
| 700 | 1 |
_aPrieto, Abel Enrique, _d1950-, _epról. _920865 |
|
| 910 | _aCatalogación por copia / LC | ||
| 910 | _aWM | ||
| 049 | _aBNGR | ||
| 999 |
_c7295 _d7295 |
||